इन्दूमती व हिन्दी कि अन्य (Record no. 986273)
[ view plain ]
| 000 -LEADER | |
|---|---|
| fixed length control field | 00409nam a2200133Ia 4500 |
| 008 - FIXED-LENGTH DATA ELEMENTS--GENERAL INFORMATION | |
| fixed length control field | 151001s9999||||xx |||||||||||||| ||und|| |
| 100 ## - MAIN ENTRY--PERSONAL NAME | |
| Personal name | विजयदेव झारी |
| 245 ## - TITLE STATEMENT | |
| Title | इन्दूमती व हिन्दी कि अन्य |
| 250 ## - EDITION STATEMENT | |
| Edition statement | 1 |
| 260 ## - PUBLICATION, DISTRIBUTION, ETC. (IMPRINT) | |
| Name of publisher, distributor, etc | शारदा प्रकाशन जळगांव |
| 260 ## - PUBLICATION, DISTRIBUTION, ETC. (IMPRINT) | |
| Date of publication, distribution, etc | 2005 |
| 300 ## - PHYSICAL DESCRIPTION | |
| Extent | 123 |
| 365 ## - TRADE PRICE | |
| Price amount | 18 |
No items available.